Maribor, Marburg an der Drau
| Titel: | Maribor, Marburg an der Drau : ein kunstgeschichtlicher Rundgang / Marjeta Ciglenec̆ki |
|---|---|
| Verfasser: | |
| Ausgabe: | 1. Auflage |
| Veröffentlicht: | Regensburg : Schnell & Steiner, 2012 |
| Umfang: | 48 Seiten : Illustrationen, Karten |
| Format: | Buch |
| Sprache: | Deutsch |
| Schriftenreihe/ mehrbändiges Werk: |
Grosse Kunstführer ; 265 Große Kunstführer in der Potsdamer Bibliothek Östliches Europa ; 5 |
| RVK-Notation: | |
| ISBN: | 9783795425043 ; 3795425042 |
| Hinweise zum Inhalt: |
Inhaltsverzeichnis
|
| Lokale Klassifikation: | 56 8 M 1 |
|---|
alg: 28874008 001A $03004:01-02-12 001B $01999:13-03-25 $t13:49:26.000 001D $03004:01-02-12 001U $0utf8 001X $00 002@ $0Aau 002C $aText $btxt $2rdacontent 002C $aunbewegtes Bild $bsti $2rdacontent 002D $aohne Hilfsmittel zu benutzen $bn $2rdamedia 002E $aBand $bnc $2rdacarrier 003@ $0288740084 003O $0774674191 $aOCoLC 004A $A978-3-7954-2504-3 004A $03-7954-2504-2 004K $09783795425043 006G $01010477145 006H $0TOCIMA1207 $2DNB 006T $011,N11 006U $012,A07 $f20110310 007A $0684387190 $aGBV 007G $0DE020E226C26B4A959249C125799F00351A7C 007T $0Herdhh288740084 009P $qapplication/pdf $A2 $3Inhaltsverzeichnis $uhttp://scans.hebis.de/HEBCGI/show.pl?28874008_toc.pdf $mV:DE-603;B:DE-Mb50 010@ $ager 011@ $a2012 013D $RFührer $#Kunst Führer $#Kunstreiseführer $74166029-8 $8Kunstführer [Ts1] $9085745626 021A $aMaribor, Marburg an der Drau $dein kunstgeschichtlicher Rundgang $hMarjeta Ciglenec̆ki 028A $BVerfasser $4aut $7 $8Ciglenečki, Marjeta [Tnd] $9138825092 032@ $a1. Auflage 033A $pRegensburg $nSchnell & Steiner 034D $a48 Seiten 034M $aIllustrationen, Karten 036E $aGrosse Kunstführer $l265 036E/01 $aGroße Kunstführer in der Potsdamer Bibliothek Östliches Europa $l5 036F $x3265 $8Große Kunstführer $9007603215 $l265 036F/01 $x15 $8Große Kunstführer in der Potsdamer Bibliothek östliches Europa $9189118091 $l5 044K $RMarburg an der Drau $#Maribor $#Marburg Maribor $#Marburg an der Drau $74114985-3 $8Maribor [Tg1] $908534494X 045E $c720 045Z $8LO 85570 [Tkv] $9410098833 046L $aAus dem Slowen. übersetzt lok: 28874008 8 exp: 28874008 8 1 #EPN 201B/01 $024-06-13 $t16:06:23.000 201C/01 $002-02-12 201U/01 $0utf8 203@/01 $0637516435 208@/01 $a02-02-12 $bz 209A/01 $a/LO 85570 M333 C571 $ds $f002 $x00 209B/01 $aa030 $x05 209G/01 $a55422923 $x00 209G/01 $a3. Obergeschoss $x01 247C/01 $8611002-2 <17/2>Darmstadt, TU Darmstadt, Universitäts- und Landesbibliothek - Lichtwiese $9308308549 lok: 28874008 24 101B $001-02-12 $t11:10:08.000 101C $001-02-12 101U $0utf8 145Z/01 $a56 8 M 1 exp: 28874008 24 1 #EPN 201B/01 $001-02-12 $t11:10:08.000 201C/01 $001-02-12 201U/01 $0utf8 203@/01 $063734376X 208@/01 $a01-02-12 $bz 209A/01 $a12.00396 $du $f050 $h12 00396 $x00 209C/01 $a12.00396 G $h12 00396 G 209G/01 $a72819128 $x00 220C/01 $ahae 247C/01 $8358050-7Marburg, Bibliothek des Herder-Instituts Marburg $9102600961 lok: 28874008 78 exp: 28874008 78 1 #EPN 201B/01 $019-04-17 $t22:03:41.000 201U/01 $0utf8 203@/01 $079389574X 208@/01 $a12-11-16 $be 209A/01 $a/ $f000 $x00 237A/01 $aAus dem Slowen. übers. - weiterführende Signatur(en): Herder-Institut: 12.00396 244Z/01 $2Trx $#Kesk- ja Ida- Euroopa kontseptsioonid $#Vidurio Europos koncepcijos $#East-Central Europe $#Keletközépeurópa-eszmék $#Europa Środkowo-Wschodnia koncepcje $#Európa stredovýchodná koncepcie $#Evropa střední, východní část koncepce $#Mitteleuropa $#Osteuropakonzeptionen $#Europa Środkowa koncepcje $#Stredná Európa koncepcie $#Střední Europa koncepce $8--Trx--Ostmitteleuropakonzeptionen $x01 $9391364286 244Z/01 $2Trx $8--Trx--Monographie $x02 $9391384546 247C/01 $82080>Marburg/Lahn, Herder-Institut, Forschungsbibliothek, Bibliographieportal $9336309341
| LEADER | 00000cam a2200000 c 4500 | ||
|---|---|---|---|
| 001 | 288740084 | ||
| 003 | DE-603 | ||
| 005 | 20250313134926.0 | ||
| 007 | tu | ||
| 008 | 120201s2012 xx |||| | u00||u|ger | ||
| 015 | |a 12,A07 |z 11,N11 |2 dnb | ||
| 016 | 7 | |2 DE-101 |a 1010477145 | |
| 020 | |a 9783795425043 | ||
| 020 | |a 3795425042 | ||
| 024 | 3 | |a 9783795425043 | |
| 035 | |a (DE-599)GBV684387190 | ||
| 035 | |a (OCoLC)774674191 | ||
| 040 | |a DE-603 |b ger |c DE-603 |d DE-603 | ||
| 041 | |a ger | ||
| 084 | |a 720 |q DE-101 |2 sdnb | ||
| 084 | |a LO 85570 |0 (DE-625)104727: |0 (DE-603)410098833 |2 rvk | ||
| 100 | 1 | |a Ciglenečki, Marjeta |e Verfasser |4 aut |0 (DE-603)138825092 | |
| 245 | 0 | 0 | |a Maribor, Marburg an der Drau |b ein kunstgeschichtlicher Rundgang |c Marjeta Ciglenec̆ki |
| 250 | |a 1. Auflage | ||
| 264 | 1 | |a Regensburg |b Schnell & Steiner |c 2012 | |
| 300 | |a 48 Seiten |b Illustrationen, Karten | ||
| 336 | |a Text |b txt |2 rdacontent | ||
| 336 | |a unbewegtes Bild |b sti |2 rdacontent | ||
| 337 | |a ohne Hilfsmittel zu benutzen |b n |2 rdamedia | ||
| 338 | |a Band |b nc |2 rdacarrier | ||
| 490 | 1 | |a Grosse Kunstführer |v 265 | |
| 490 | 1 | |a Große Kunstführer in der Potsdamer Bibliothek Östliches Europa |v 5 | |
| 546 | |a Aus dem Slowen. übersetzt | ||
| 651 | 7 | |a Maribor |0 (DE-588)4114985-3 |0 (DE-603)08534494X |2 gnd | |
| 655 | 7 | |a Kunstführer |2 gnd-content |0 (DE-588)4166029-8 |0 (DE-603)085745626 | |
| 830 | 0 | |t Große Kunstführer |v 265 |w (DE-603)007603215 |w (DE-600)259293-9 |9 3265 |7 as | |
| 830 | 0 | |t Große Kunstführer in der Potsdamer Bibliothek östliches Europa |v 5 |w (DE-603)189118091 |w (DE-600)2379733-2 |9 15 |7 as | |
| 856 | 4 | 2 | |m V:DE-603;B:DE-Mb50 |q application/pdf |u http://scans.hebis.de/HEBCGI/show.pl?28874008_toc.pdf |3 Inhaltsverzeichnis |
| 924 | 0 | |9 17/2 |a (DE-603)637516435 |b DE-17-2 |c HES |d b |g /LO 85570 M333 C571 |h 3. Obergeschoss | |
| 924 | 0 | |9 Mb 50 |a (DE-603)63734376X |b DE-Mb50 |c HES |d c |g 12.00396 | |
| 924 | 0 | |9 2080 |a (DE-603)79389574X |b DE-2080 |c HES |d d |g / | |


